Manufacturing Technology (Record no. 1263)

MARC details
000 -LEADER
fixed length control field 00393nam a22001697a 4500
005 - DATE AND TIME OF LATEST TRANSACTION
control field 20211004153003.0
008 - FIXED-LENGTH DATA ELEMENTS--GENERAL INFORMATION
fixed length control field 160521b xxu||||| |||| 00| 0 eng d
020 ## - INTERNATIONAL STANDARD BOOK NUMBER
ISBN 0-07-46300-2
041 ## - LANGUAGE CODE
Language code of text/sound track or separate title eng
082 ## - DEWEY DECIMAL CLASSIFICATION NUMBER
Item number 3679
100 ## - MAIN ENTRY--AUTHOR NAME
Personal name Rao ,P. N
245 ## - TITLE STATEMENT
Title Manufacturing Technology
260 ## - PUBLICATION, DISTRIBUTION, ETC. (IMPRINT)
Place of publication New Delhi
Name of publisher TMH,
300 ## - PHYSICAL DESCRIPTION
Number of Pages 460
650 ## - SUBJECT ADDED ENTRY--TOPICAL TERM
Topical Term DIPLOMA ENGINEERING
942 ## - ADDED ENTRY ELEMENTS (KOHA)
Koha item type Books
Holdings
Lost status Damaged status Home library Current library Shelving location Date acquired Cost, normal purchase price Full call number Accession Number Koha item type
    JRU Library   SHELF-42-L 21/05/2016 195.00 3679 3679 Books
    JRU Library   SHELF-42-L 21/05/2016 195.00 3679 3680 Books
    JRU Library   SHELF-42-L 21/05/2016 195.00 3679 3681 Books
    JRU Library   SHELF-42-L 21/05/2016 195.00 3679 3682 Books